000 00323nam a22001337a 4500
008 171213b xxu||||| |||| 00| 0 eng d
020 _a9780071422802
041 _aeng
080 _211 ED
_a615
100 _a5
101 _aFAR
245 _aTHE PHARMACOLOGICAL BASIC OF THERAPEUTICS
_cBRUNTON.L.L
942 _2udc
_cBK
999 _c38878
_d38878